[Event "Blitz 2018"]
[Site "Saint-Petersburg"]
[Date "2018.12.29"]
[Round "6"]
[Board "51"]
[White "Anisimov Pavel (RUS)"]
[Black "Motylev Alexander (RUS)"]
[Result "1/2-1/2"]
[LiveChessVersion "1.4.8"]
[BlackElo "2609"]
[WhiteElo "2519"]

1. d4 {[%clk 0:03:02]} d5 {[%clk 0:03:03]} 2. Nf3 {[%clk 0:03:03]} Nf6
{[%clk 0:03:04]} 3. Bf4 {[%clk 0:03:04]} c5 {[%clk 0:03:02]} 4. e3
{[%clk 0:03:06]} Nc6 {[%clk 0:03:02]} 5. Nbd2 {[%clk 0:03:06]} Bg4
{[%clk 0:02:53]} 6. c3 {[%clk 0:03:03]} e6 {[%clk 0:02:53]} 7. Qb3
{[%clk 0:02:53]} Qc8 {[%clk 0:02:50]} 8. Ne5 {[%clk 0:02:39]} Bf5
{[%clk 0:02:47]} 9. Be2 {[%clk 0:02:22]} c4 {[%clk 0:02:41]} 10. Qd1
{[%clk 0:02:14]} Nxe5 {[%clk 0:02:41]} 11. Bxe5 {[%clk 0:02:06]} Nd7
{[%clk 0:02:42]} 12. Bg3 {[%clk 0:02:02]} Be7 {[%clk 0:02:43]} 13. O-O
{[%clk 0:02:01]} O-O {[%clk 0:02:44]} 14. Re1 {[%clk 0:01:55]} b5
{[%clk 0:02:41]} 15. Bf3 {[%clk 0:01:51]} Nf6 {[%clk 0:02:13]} 16. e4
{[%clk 0:01:47]} dxe4 {[%clk 0:02:12]} 17. Nxe4 {[%clk 0:01:48]} Nd5
{[%clk 0:02:08]} 18. Nd6 {[%clk 0:01:25]} Bxd6 {[%clk 0:02:08]} 19. Bxd6
{[%clk 0:01:26]} Rd8 {[%clk 0:02:09]} 20. Bg3 {[%clk 0:01:16]} Bd3
{[%clk 0:02:08]} 21. Qd2 {[%clk 0:01:13]} Qc6 {[%clk 0:02:05]} 22. Re5
{[%clk 0:01:10]} f6 {[%clk 0:02:00]} 23. Ree1 {[%clk 0:01:09]} a5
{[%clk 0:02:00]} 24. a3 {[%clk 0:01:09]} Re8 {[%clk 0:01:59]} 25. h4
{[%clk 0:01:07]} Rad8 {[%clk 0:01:58]} 26. b4 {[%clk 0:00:57]} Ra8
{[%clk 0:01:54]} 27. Qb2 {[%clk 0:00:54]} Ra6 {[%clk 0:01:52]} 28. Kh2
{[%clk 0:00:49]} Rea8 {[%clk 0:01:52]} 29. Bg4 {[%clk 0:00:46]} Qd7
{[%clk 0:01:35]} 30. Bf3 {[%clk 0:00:40]} Bf5 {[%clk 0:01:30]} 31. Kg1
{[%clk 0:00:40]} Qa7 {[%clk 0:01:26]} 32. bxa5 {[%clk 0:00:38]} Rxa5
{[%clk 0:01:27]} 33. Bd6 {[%clk 0:00:39]} Qd7 {[%clk 0:01:25]} 34. Bxd5
{[%clk 0:00:31]} exd5 {[%clk 0:01:25]} 35. Bb4 {[%clk 0:00:31]} R5a7
{[%clk 0:01:26]} 36. Qd2 {[%clk 0:00:31]} h5 {[%clk 0:01:10]} 37. Qf4
{[%clk 0:00:32]} Bg6 {[%clk 0:01:09]} 38. Re7 {[%clk 0:00:31]} Qf5
{[%clk 0:01:06]} 39. Qxf5 {[%clk 0:00:28]} Bxf5 {[%clk 0:01:07]} 40. Rae1
{[%clk 0:00:29]} Be4 {[%clk 0:00:54]} 41. f3 {[%clk 0:00:28]} Rxe7
{[%clk 0:00:55]} 42. Bxe7 {[%clk 0:00:29]} Bf5 {[%clk 0:00:53]} 43. Bc5
{[%clk 0:00:30]} Rb8 {[%clk 0:00:46]} 44. Re7 {[%clk 0:00:30]} Kh7
{[%clk 0:00:46]} 45. Kf2 {[%clk 0:00:30]} Kg6 {[%clk 0:00:47]} 46. Bd6
{[%clk 0:00:28]} 1/2-1/2

[Event "Blitz 2018"]
[Site "Saint-Petersburg"]
[Date "2018.12.29"]
[Round "6"]
[Board "52"]
[White "Bocharov Dmitry (RUS)"]
[Black "Antipov Mikhail Al. (RUS)"]
[Result "0-1"]
[LiveChessVersion "1.4.8"]
[BlackElo "2604"]
[WhiteElo "2517"]

1. Nf3 {[%clk 0:03:02]} Nf6 {[%clk 0:03:03]} 2. g3 {[%clk 0:02:59]} g6
{[%clk 0:03:02]} 3. b4 {[%clk 0:02:56]} a5 {[%clk 0:02:58]} 4. b5
{[%clk 0:02:56]} a4 {[%clk 0:02:54]} 5. Bg2 {[%clk 0:02:50]} d5 {[%clk 0:02:53]}
6. O-O {[%clk 0:02:46]} Nbd7 {[%clk 0:02:52]} 7. Bb2 {[%clk 0:02:43]} e6
{[%clk 0:02:52]} 8. Na3 {[%clk 0:02:23]} Bb4 {[%clk 0:02:42]} 9. c4
{[%clk 0:02:19]} Qe7 {[%clk 0:02:37]} 10. Nc2 {[%clk 0:02:17]} Bd6
{[%clk 0:02:28]} 11. cxd5 {[%clk 0:01:57]} exd5 {[%clk 0:02:29]} 12. Rc1
{[%clk 0:01:58]} O-O {[%clk 0:02:24]} 13. d3 {[%clk 0:01:54]} Nb6
{[%clk 0:02:06]} 14. Ncd4 {[%clk 0:01:52]} a3 {[%clk 0:02:07]} 15. Ba1
{[%clk 0:01:53]} Ra4 {[%clk 0:02:02]} 16. Qc2 {[%clk 0:01:50]} Re8
{[%clk 0:01:48]} 17. Rfe1 {[%clk 0:01:49]} Bg4 {[%clk 0:01:14]} 18. h3
{[%clk 0:01:13]} Bxf3 {[%clk 0:00:59]} 19. Nxf3 {[%clk 0:01:14]} Nfd7
{[%clk 0:00:50]} 20. e4 {[%clk 0:00:54]} dxe4 {[%clk 0:00:43]} 21. dxe4
{[%clk 0:00:55]} Rc4 {[%clk 0:00:29]} 22. Qb3 {[%clk 0:00:50]} Nc5
{[%clk 0:00:24]} 23. Qxa3 {[%clk 0:00:44]} Rxc1 {[%clk 0:00:15]} 24. Qxc1
{[%clk 0:00:41]} Nca4 {[%clk 0:00:05]} 25. Qh6 {[%clk 0:00:26]} Qf8
{[%clk 0:00:04]} 26. Qg5 {[%clk 0:00:27]} Qe7 {[%clk 0:00:04]} 27. Bf6
{[%clk 0:00:27]} Qf8 {[%clk 0:00:05]} 28. e5 {[%clk 0:00:18]} Bb4
{[%clk 0:00:06]} 29. Rf1 {[%clk 0:00:17]} Nc5 {[%clk 0:00:05]} 30. Nh2
{[%clk 0:00:17]} Ne6 {[%clk 0:00:03]} 31. Qc1 {[%clk 0:00:17]} Qc5
{[%clk 0:00:03]} 32. Ng4 {[%clk 0:00:13]} Bc3 {[%clk 0:00:03]} 33. Qh6
{[%clk 0:00:08]} Bd4 {[%clk 0:00:03]} 34. Bg7 {[%clk 0:00:06]} Nd7
{[%clk 0:00:04]} 35. Bf6 {[%clk 0:00:06]} Qxb5 {[%clk 0:00:04]} 36. Qh4
{[%clk 0:00:07]} h5 {[%clk 0:00:04]} 37. Ne3 {[%clk 0:00:06]} Nxf6
{[%clk 0:00:04]} 38. exf6 {[%clk 0:00:06]} Qe5 {[%clk 0:00:04]} 39. Nd5
{[%clk 0:00:06]} c6 {[%clk 0:00:04]} 40. Ne7+ {[%clk 0:00:05]} Kh7
{[%clk 0:00:04]} 41. Rb1 {[%clk 0:00:05]} Nc5 {[%clk 0:00:04]} 42. g4
{[%clk 0:00:03]} Nd3 {[%clk 0:00:05]} 43. gxh5 {[%clk 0:00:04]} Bxf2+
{[%clk 0:00:06]} 44. Qxf2 {[%clk 0:00:03]} Nxf2 {[%clk 0:00:07]} 45. hxg6+
{[%clk 0:00:04]} fxg6 {[%clk 0:00:08]} 46. Rxb7 {[%clk 0:00:06]} Kh6
{[%clk 0:00:05]} 47. f7 {[%clk 0:00:07]} Rf8 {[%clk 0:00:04]} 48. Nxc6
{[%clk 0:00:07]} Qg3 {[%clk 0:00:04]} 49. Rb3 {[%clk 0:00:03]} Nxh3+
{[%clk 0:00:04]} 50. Kh1 {[%clk 0:00:05]} Qe1+ {[%clk 0:00:05]} 51. Kh2
{[%clk 0:00:06]} Nf4 {[%clk 0:00:06]} 52. Rg3 {[%clk 0:00:03]} Kg7
{[%clk 0:00:06]} 53. Nd4 {[%clk 0:00:03]} Rh8+ {[%clk 0:00:07]} 54. Bh3
{[%clk 0:00:03]} Rxh3+ {[%clk 0:00:08]} 0-1

[Event "Blitz 2018"]
[Site "Saint-Petersburg"]
[Date "2018.12.29"]
[Round "6"]
[Board "53"]
[White "Carlsson Pontus (SWE)"]
[Black "Shaposhnikov Evgeny (RUS)"]
[Result "0-1"]
[LiveChessVersion "1.4.8"]
[BlackElo "2603"]
[WhiteElo "2511"]

1. e4 {[%clk 0:03:03]} e6 {[%clk 0:03:00]} 2. d4 {[%clk 0:03:04]} d5
{[%clk 0:03:01]} 3. Nd2 {[%clk 0:03:06]} Nc6 {[%clk 0:03:02]} 4. Ngf3
{[%clk 0:03:07]} Nf6 {[%clk 0:03:03]} 5. e5 {[%clk 0:03:07]} Nd7 {[%clk 0:03:04]}
6. Bb5 {[%clk 0:03:02]} a6 {[%clk 0:03:03]} 7. Ba4 {[%clk 0:03:02]} b5
{[%clk 0:02:59]} 8. Bb3 {[%clk 0:03:03]} Na5 {[%clk 0:02:58]} 9. O-O
{[%clk 0:02:59]} c5 {[%clk 0:02:56]} 10. dxc5 {[%clk 0:02:53]} Nxc5
{[%clk 0:02:51]} 11. c3 {[%clk 0:02:54]} Naxb3 {[%clk 0:02:42]} 12. Nxb3
{[%clk 0:02:54]} Ne4 {[%clk 0:02:36]} 13. Bf4 {[%clk 0:02:47]} Be7
{[%clk 0:02:29]} 14. Nbd4 {[%clk 0:02:41]} Bb7 {[%clk 0:02:25]} 15. a4
{[%clk 0:02:38]} b4 {[%clk 0:02:13]} 16. cxb4 {[%clk 0:02:32]} Bxb4
{[%clk 0:02:13]} 17. a5 {[%clk 0:02:19]} Be7 {[%clk 0:02:01]} 18. b4
{[%clk 0:01:56]} O-O {[%clk 0:02:00]} 19. Qb3 {[%clk 0:01:50]} Qd7
{[%clk 0:01:59]} 20. Rfb1 {[%clk 0:01:17]} Rfb8 {[%clk 0:01:56]} 21. Nd2
{[%clk 0:01:10]} Bc6 {[%clk 0:01:31]} 22. Nxe4 {[%clk 0:01:08]} dxe4
{[%clk 0:01:25]} 23. Nxc6 {[%clk 0:00:53]} Qxc6 {[%clk 0:01:26]} 24. Bd2
{[%clk 0:00:45]} Rb5 {[%clk 0:01:26]} 25. Rc1 {[%clk 0:00:41]} Qb7
{[%clk 0:01:27]} 26. Rc4 {[%clk 0:00:36]} Rxe5 {[%clk 0:01:22]} 27. Rac1
{[%clk 0:00:32]} Bd6 {[%clk 0:01:15]} 28. Bf4 {[%clk 0:00:28]} Rd5
{[%clk 0:01:11]} 29. Rxe4 {[%clk 0:00:26]} Bxf4 {[%clk 0:01:05]} 30. Rxf4
{[%clk 0:00:27]} Rxa5 {[%clk 0:00:54]} 31. h4 {[%clk 0:00:22]} Rd5
{[%clk 0:00:52]} 32. Rfc4 {[%clk 0:00:22]} Rd7 {[%clk 0:00:49]} 33. Qg3
{[%clk 0:00:22]} h6 {[%clk 0:00:45]} 34. Qf4 {[%clk 0:00:20]} Rad8
{[%clk 0:00:45]} 35. Kh2 {[%clk 0:00:15]} Qd5 {[%clk 0:00:43]} 36. Qg3
{[%clk 0:00:10]} Qd6 {[%clk 0:00:38]} 37. f4 {[%clk 0:00:09]} Qe7
{[%clk 0:00:35]} 38. R1c3 {[%clk 0:00:08]} Qf6 {[%clk 0:00:34]} 39. Rb3
{[%clk 0:00:04]} Rd4 {[%clk 0:00:34]} 40. Rbc3 {[%clk 0:00:04]} Kh7
{[%clk 0:00:31]} 41. Qg4 {[%clk 0:00:04]} Rxc4 {[%clk 0:00:30]} 42. Rxc4
{[%clk 0:00:05]} Rd5 {[%clk 0:00:29]} 43. h5 {[%clk 0:00:04]} Rb5
{[%clk 0:00:26]} 44. Kh3 {[%clk 0:00:04]} Rf5 {[%clk 0:00:26]} 45. Kh2
{[%clk 0:00:05]} Qb2 {[%clk 0:00:24]} 46. Qf3 {[%clk 0:00:04]} Qf6
{[%clk 0:00:18]} 47. g3 {[%clk 0:00:04]} e5 {[%clk 0:00:17]} 48. Qe4
{[%clk 0:00:03]} exf4 {[%clk 0:00:17]} 49. Rc5 {[%clk 0:00:03]} fxg3+
{[%clk 0:00:14]} 50. Kg2 {[%clk 0:00:05]} g6 {[%clk 0:00:14]} 51. hxg6+
{[%clk 0:00:05]} Kxg6 {[%clk 0:00:15]} 52. Qg4+ {[%clk 0:00:04]} Rg5
{[%clk 0:00:14]} 53. Qe4+ {[%clk 0:00:05]} Kg7 {[%clk 0:00:14]} 54. Rc2
{[%clk 0:00:06]} Qf5 {[%clk 0:00:12]} 55. Qxf5 {[%clk 0:00:06]} Rxf5
{[%clk 0:00:13]} 56. Kxg3 {[%clk 0:00:07]} Rb5 {[%clk 0:00:14]} 57. Rc4
{[%clk 0:00:07]} f6 {[%clk 0:00:15]} 58. Kf4 {[%clk 0:00:07]} Kg6
{[%clk 0:00:16]} 59. Kg3 {[%clk 0:00:08]} h5 {[%clk 0:00:17]} 60. Kf4
{[%clk 0:00:09]} Rg5 {[%clk 0:00:17]} 61. Rc6 {[%clk 0:00:09]} Rg4+
{[%clk 0:00:18]} 62. Kf3 {[%clk 0:00:11]} Rxb4 {[%clk 0:00:19]} 63. Rxa6
{[%clk 0:00:12]} Rg4 {[%clk 0:00:19]} 64. Ra5 {[%clk 0:00:12]} Rg5
{[%clk 0:00:19]} 65. Ra8 {[%clk 0:00:13]} h4 {[%clk 0:00:18]} 66. Rh8
{[%clk 0:00:13]} Rh5 {[%clk 0:00:19]} 67. Rg8+ {[%clk 0:00:14]} Kf7
{[%clk 0:00:20]} 68. Rg1 {[%clk 0:00:12]} h3 {[%clk 0:00:20]} 69. Rh1
{[%clk 0:00:13]} h2 {[%clk 0:00:21]} 70. Kg4 {[%clk 0:00:13]} Kg6
{[%clk 0:00:22]} 71. Kg3 {[%clk 0:00:14]} Kg5 {[%clk 0:00:22]} 72. Kg2
{[%clk 0:00:14]} Kg4 {[%clk 0:00:23]} 73. Kf2 {[%clk 0:00:11]} Kh3
{[%clk 0:00:22]} 0-1

[Event "Blitz 2018"]
[Site "Saint-Petersburg"]
[Date "2018.12.29"]
[Round "6"]
[Board "54"]
[White "Drygalov Andrey (RUS)"]
[Black "Lintchevski Daniil (RUS)"]
[Result "1-0"]
[LiveChessVersion "1.4.8"]
[BlackElo "2594"]
[WhiteElo "2509"]

1. c4 {[%clk 0:03:02]} c5 {[%clk 0:03:03]} 2. g3 {[%clk 0:03:02]} g6
{[%clk 0:03:00]} 3. Bg2 {[%clk 0:03:03]} Bg7 {[%clk 0:03:01]} 4. Nc3
{[%clk 0:03:01]} Nc6 {[%clk 0:03:02]} 5. a3 {[%clk 0:03:03]} a5 {[%clk 0:02:51]}
6. d3 {[%clk 0:02:52]} e6 {[%clk 0:02:43]} 7. e4 {[%clk 0:02:33]} Nge7
{[%clk 0:02:42]} 8. Nge2 {[%clk 0:02:34]} O-O {[%clk 0:02:40]} 9. O-O
{[%clk 0:02:32]} Nd4 {[%clk 0:02:37]} 10. Nxd4 {[%clk 0:02:32]} cxd4
{[%clk 0:02:33]} 11. Na4 {[%clk 0:02:02]} d6 {[%clk 0:02:28]} 12. b4
{[%clk 0:02:00]} Bd7 {[%clk 0:02:24]} 13. b5 {[%clk 0:01:58]} Rc8
{[%clk 0:01:59]} 14. Rb1 {[%clk 0:01:58]} b6 {[%clk 0:02:00]} 15. Bd2
{[%clk 0:01:23]} e5 {[%clk 0:01:49]} 16. f4 {[%clk 0:01:15]} f5 {[%clk 0:01:47]}
17. fxe5 {[%clk 0:01:13]} dxe5 {[%clk 0:01:39]} 18. Bg5 {[%clk 0:01:06]} Bf6
{[%clk 0:01:37]} 19. Bxf6 {[%clk 0:01:00]} Rxf6 {[%clk 0:01:38]} 20. Qe2
{[%clk 0:00:55]} Qc7 {[%clk 0:01:28]} 21. c5 {[%clk 0:00:38]} bxc5
{[%clk 0:01:27]} 22. exf5 {[%clk 0:00:33]} Nxf5 {[%clk 0:01:17]} 23. b6
{[%clk 0:00:33]} Qb8 {[%clk 0:01:00]} 24. b7 Rc7 25. Qxe5 {[%clk 0:00:31]} Kg7
{[%clk 0:00:45]} 26. Nxc5 {[%clk 0:00:27]} 1-0

[Event "Blitz 2018"]
[Site "Saint-Petersburg"]
[Date "2018.12.29"]
[Round "6"]
[Board "55"]
[White "Dzhumagaliev Yan (RUS)"]
[Black "Gordievsky Dmitry (RUS)"]
[Result "1/2-1/2"]
[LiveChessVersion "1.4.8"]
[BlackElo "2591"]
[WhiteElo "2489"]

1. Nf3 {[%clk 0:03:03]} f5 {[%clk 0:03:03]} 2. d3 {[%clk 0:02:59]} d6
{[%clk 0:03:04]} 3. e4 {[%clk 0:02:59]} e5 {[%clk 0:03:06]} 4. Nc3
{[%clk 0:02:52]} Nc6 {[%clk 0:03:07]} 5. g3 {[%clk 0:02:34]} Be7 {[%clk 0:02:45]}
6. Bg2 {[%clk 0:02:35]} Nf6 {[%clk 0:02:44]} 7. O-O {[%clk 0:02:33]} fxe4
{[%clk 0:02:40]} 8. dxe4 {[%clk 0:02:31]} O-O {[%clk 0:02:41]} 9. h3
{[%clk 0:02:23]} Kh8 {[%clk 0:02:37]} 10. Be3 {[%clk 0:02:19]} Be6
{[%clk 0:02:38]} 11. b3 {[%clk 0:02:18]} Qd7 {[%clk 0:02:38]} 12. Kh2
{[%clk 0:02:19]} Rae8 {[%clk 0:02:29]} 13. Ng5 {[%clk 0:02:16]} Bg8
{[%clk 0:02:30]} 14. Qd2 {[%clk 0:02:16]} h6 {[%clk 0:02:11]} 15. Nf3
{[%clk 0:02:17]} Nh7 {[%clk 0:02:02]} 16. Nd5 {[%clk 0:02:07]} Bd8
{[%clk 0:02:03]} 17. a4 {[%clk 0:02:04]} a6 {[%clk 0:02:01]} 18. b4
{[%clk 0:01:55]} Ne7 {[%clk 0:01:55]} 19. c4 {[%clk 0:01:54]} Ng6
{[%clk 0:01:25]} 20. b5 {[%clk 0:01:50]} c6 {[%clk 0:01:17]} 21. Nb6
{[%clk 0:01:38]} Bxb6 {[%clk 0:01:15]} 22. Bxb6 {[%clk 0:01:39]} Bxc4
{[%clk 0:01:12]} 23. bxc6 {[%clk 0:01:39]} bxc6 {[%clk 0:01:08]} 24. Rfc1
{[%clk 0:01:39]} Be6 {[%clk 0:01:03]} 25. Ra3 {[%clk 0:01:38]} d5
{[%clk 0:01:00]} 26. Rac3 {[%clk 0:01:10]} Rc8 {[%clk 0:00:50]} 27. a5
{[%clk 0:00:56]} Nf6 {[%clk 0:00:50]} 28. exd5 {[%clk 0:00:41]} Bxd5
{[%clk 0:00:51]} 29. Re3 {[%clk 0:00:34]} Rce8 {[%clk 0:00:47]} 30. Rce1
{[%clk 0:00:34]} e4 {[%clk 0:00:45]} 31. Nd4 {[%clk 0:00:32]} Ne5
{[%clk 0:00:44]} 32. Qc2 {[%clk 0:00:28]} Nd3 {[%clk 0:00:42]} 33. Rf1
{[%clk 0:00:26]} Rf7 {[%clk 0:00:39]} 34. Ne2 {[%clk 0:00:21]} Qf5
{[%clk 0:00:35]} 35. Nc3 {[%clk 0:00:20]} Qh5 {[%clk 0:00:31]} 36. Kg1
{[%clk 0:00:21]} Qf5 {[%clk 0:00:20]} 37. Bd4 {[%clk 0:00:21]} Nh7
{[%clk 0:00:16]} 38. Nxe4 {[%clk 0:00:16]} Bxe4 {[%clk 0:00:12]} 39. Bxe4
{[%clk 0:00:16]} Rxe4 {[%clk 0:00:12]} 40. Qxd3 {[%clk 0:00:17]} Ng5
{[%clk 0:00:06]} 41. Rxe4 {[%clk 0:00:12]} Nxe4 {[%clk 0:00:07]} 42. Re1
{[%clk 0:00:09]} Ng5 {[%clk 0:00:06]} 43. Qxf5 {[%clk 0:00:05]} Rxf5
{[%clk 0:00:07]} 44. Re8+ {[%clk 0:00:06]} Kh7 {[%clk 0:00:09]} 45. Bb6
{[%clk 0:00:05]} Nxh3+ 46. Kg2 Ng5 {[%clk 0:00:09]} 47. Ra8 {[%clk 0:00:08]} Ne4
{[%clk 0:00:05]} 48. Rxa6 {[%clk 0:00:09]} Rb5 {[%clk 0:00:05]} 49. Ra7
{[%clk 0:00:10]} Rb4 {[%clk 0:00:05]} 50. Rc7 {[%clk 0:00:07]} c5
{[%clk 0:00:04]} 51. Bxc5 {[%clk 0:00:03]} Nxc5 {[%clk 0:00:05]} 52. Rxc5
{[%clk 0:00:05]} Ra4 {[%clk 0:00:06]} 53. f4 {[%clk 0:00:06]} Kg6
{[%clk 0:00:05]} 54. Kh3 {[%clk 0:00:06]} h5 {[%clk 0:00:05]} 55. Rg5+
{[%clk 0:00:06]} Kh6 {[%clk 0:00:06]} 56. Rb5 {[%clk 0:00:08]} Ra2
{[%clk 0:00:06]} 57. Rb6+ {[%clk 0:00:08]} Kh7 {[%clk 0:00:07]} 58. a6
{[%clk 0:00:09]} g6 {[%clk 0:00:06]} 59. Kh4 {[%clk 0:00:10]} Ra5
{[%clk 0:00:05]} 60. Rb7+ {[%clk 0:00:06]} Kh6 {[%clk 0:00:06]} 61. a7
{[%clk 0:00:08]} Ra1 {[%clk 0:00:06]} 62. Kh3 {[%clk 0:00:09]} Ra2
{[%clk 0:00:07]} 63. Rc7 {[%clk 0:00:09]} g5 {[%clk 0:00:06]} 64. Rc6+
{[%clk 0:00:06]} Kg7 {[%clk 0:00:06]} 65. fxg5 {[%clk 0:00:05]} Rxa7
{[%clk 0:00:07]} 66. Kh4 {[%clk 0:00:06]} Kg8 {[%clk 0:00:06]} 67. Kxh5
{[%clk 0:00:07]} Ra8 {[%clk 0:00:06]} 68. Kh6 {[%clk 0:00:07]} Rd8
{[%clk 0:00:05]} 69. g4 {[%clk 0:00:08]} Ra8 {[%clk 0:00:05]} 70. g6
{[%clk 0:00:08]} Rd8 {[%clk 0:00:05]} 71. Rf6 {[%clk 0:00:08]} Rd1
{[%clk 0:00:04]} 72. Ra6 {[%clk 0:00:09]} Rh1+ {[%clk 0:00:04]} 73. Kg5
{[%clk 0:00:10]} Kg7 {[%clk 0:00:06]} 74. Ra7+ {[%clk 0:00:11]} Kg8
{[%clk 0:00:07]} 75. Rh7 {[%clk 0:00:06]} Ra1 {[%clk 0:00:07]} 76. Rd7
{[%clk 0:00:07]} Rg1 {[%clk 0:00:07]} 77. Rd4 {[%clk 0:00:06]} Ra1
{[%clk 0:00:08]} 78. Rd5 {[%clk 0:00:06]} Rb1 {[%clk 0:00:09]} 79. Kh6
{[%clk 0:00:07]} Rh1+ {[%clk 0:00:10]} 80. Rh5 Rg1 81. Ra5 {[%clk 0:00:07]} Rh1+
{[%clk 0:00:11]} 82. Kg5 {[%clk 0:00:08]} Rb1 {[%clk 0:00:12]} 83. Ra7
{[%clk 0:00:09]} Rc1 {[%clk 0:00:13]} 84. g7 {[%clk 0:00:08]} Rc5+
{[%clk 0:00:14]} 85. Kh6 {[%clk 0:00:08]} Rc6+ {[%clk 0:00:15]} 86. Kh5
{[%clk 0:00:09]} Rc5+ {[%clk 0:00:15]} 87. g5 {[%clk 0:00:09]} Rc1
{[%clk 0:00:15]} 88. Kh6 {[%clk 0:00:08]} Rc6+ {[%clk 0:00:15]} 89. Kh5
{[%clk 0:00:09]} Rd6 {[%clk 0:00:13]} 90. g6 {[%clk 0:00:07]} Rd1
{[%clk 0:00:15]} 1/2-1/2

[Event "Blitz 2018"]
[Site "Saint-Petersburg"]
[Date "2018.12.29"]
[Round "6"]
[Board "56"]
[White "Iljiushenok Ilia (RUS)"]
[Black "Khusnutdinov Rustam (KAZ)"]
[Result "1/2-1/2"]
[LiveChessVersion "1.4.8"]
[BlackElo "2582"]
[WhiteElo "2467"]

1. e4 {[%clk 0:03:03]} e6 {[%clk 0:03:03]} 2. d4 {[%clk 0:03:03]} d5
{[%clk 0:03:05]} 3. e5 {[%clk 0:03:03]} c5 {[%clk 0:03:06]} 4. c3
{[%clk 0:03:04]} Nc6 {[%clk 0:03:07]} 5. Nf3 {[%clk 0:03:03]} Bd7
{[%clk 0:03:07]} 6. Be2 {[%clk 0:03:03]} Rc8 {[%clk 0:03:06]} 7. O-O
{[%clk 0:03:03]} a6 {[%clk 0:03:08]} 8. a3 {[%clk 0:02:50]} cxd4 {[%clk 0:03:02]}
9. cxd4 {[%clk 0:02:50]} Nge7 {[%clk 0:03:03]} 10. Nc3 {[%clk 0:02:46]} Nf5
{[%clk 0:03:04]} 11. Rb1 {[%clk 0:02:27]} Be7 {[%clk 0:03:04]} 12. Bd3
{[%clk 0:02:28]} O-O {[%clk 0:02:39]} 13. Bxf5 {[%clk 0:02:20]} exf5
{[%clk 0:02:40]} 14. Nxd5 {[%clk 0:02:16]} Be6 {[%clk 0:02:04]} 15. Nc3
{[%clk 0:02:17]} Bd5 {[%clk 0:02:05]} 16. Nxd5 {[%clk 0:02:06]} Qxd5
{[%clk 0:02:06]} 17. Qd3 {[%clk 0:02:02]} Qe4 {[%clk 0:01:41]} 18. Rd1
{[%clk 0:02:00]} Rfd8 {[%clk 0:01:39]} 19. d5 {[%clk 0:01:51]} Rxd5
{[%clk 0:01:28]} 20. Qxd5 {[%clk 0:01:52]} Qxb1 {[%clk 0:01:29]} 21. e6
{[%clk 0:01:09]} Rd8 {[%clk 0:01:29]} 22. exf7+ {[%clk 0:01:09]} Kf8
{[%clk 0:01:30]} 23. Qb3 {[%clk 0:01:00]} Rxd1+ 24. Qxd1 {[%clk 0:01:01]} Kxf7
{[%clk 0:01:27]} 25. h4 {[%clk 0:00:55]} Ke8 {[%clk 0:01:14]} 26. Kh2
{[%clk 0:00:47]} b5 {[%clk 0:00:59]} 27. Qe1 {[%clk 0:00:21]} Qe4
{[%clk 0:00:53]} 28. Qc3 {[%clk 0:00:21]} Bf6 {[%clk 0:00:49]} 29. Qb3
{[%clk 0:00:22]} Qc4 {[%clk 0:00:48]} 30. Qe3+ {[%clk 0:00:17]} Kd7
{[%clk 0:00:50]} 31. Bd2 {[%clk 0:00:13]} Bxb2 {[%clk 0:00:44]} 32. Qb6
{[%clk 0:00:09]} Nd8 {[%clk 0:00:28]} 33. Qxa6 Qc6 {[%clk 0:00:27]} 34. Qa7+
{[%clk 0:00:03]} Qc7+ {[%clk 0:00:28]} 35. Qxc7+ {[%clk 0:00:04]} Kxc7
{[%clk 0:00:30]} 36. Bb4 {[%clk 0:00:06]} Nc6 {[%clk 0:00:31]} 37. Bf8
{[%clk 0:00:07]} Kd7 {[%clk 0:00:26]} 38. Kg3 {[%clk 0:00:07]} Ke8
{[%clk 0:00:27]} 39. Bc5 {[%clk 0:00:08]} Kf7 {[%clk 0:00:26]} 40. Ng5+
{[%clk 0:00:08]} Kg6 {[%clk 0:00:27]} 41. Ne6 {[%clk 0:00:09]} Kf6
{[%clk 0:00:26]} 42. Ng5 {[%clk 0:00:09]} h6 {[%clk 0:00:26]} 43. Nf3
{[%clk 0:00:10]} g5 {[%clk 0:00:27]} 44. hxg5+ {[%clk 0:00:11]} hxg5
{[%clk 0:00:28]} 45. Ne1 {[%clk 0:00:11]} Ke6 {[%clk 0:00:28]} 46. Nd3
{[%clk 0:00:12]} Bf6 {[%clk 0:00:28]} 47. Kf3 {[%clk 0:00:09]} Kd5
{[%clk 0:00:29]} 48. Bf8 {[%clk 0:00:09]} Kc4 {[%clk 0:00:28]} 49. Nb4
{[%clk 0:00:06]} Nd4+ {[%clk 0:00:27]} 50. Ke3 {[%clk 0:00:06]} Ne6
{[%clk 0:00:28]} 51. Bd6 {[%clk 0:00:06]} Bd4+ {[%clk 0:00:29]} 52. Ke2
{[%clk 0:00:06]} Kb3 {[%clk 0:00:27]} 53. Nc6 {[%clk 0:00:07]} Bb2
{[%clk 0:00:27]} 54. Na5+ {[%clk 0:00:04]} Ka4 {[%clk 0:00:28]} 55. Nb7
{[%clk 0:00:04]} Bxa3 {[%clk 0:00:28]} 56. Be5 {[%clk 0:00:06]} b4
{[%clk 0:00:25]} 57. Nd6 {[%clk 0:00:06]} f4 {[%clk 0:00:25]} 58. Nc4
{[%clk 0:00:06]} b3 {[%clk 0:00:25]} 59. Kf3 {[%clk 0:00:06]} Kb4
{[%clk 0:00:17]} 60. Nxa3 {[%clk 0:00:07]} Kxa3 61. Kg4 Nc5 {[%clk 0:00:19]} 62.
Kxg5 {[%clk 0:00:09]} Nd3 {[%clk 0:00:20]} 63. Bd4 {[%clk 0:00:09]} Kb4
{[%clk 0:00:17]} 64. Ba1 {[%clk 0:00:08]} Kc4 {[%clk 0:00:13]} 65. Kf5
{[%clk 0:00:06]} Kd5 {[%clk 0:00:13]} 66. g4 {[%clk 0:00:07]} fxg3
{[%clk 0:00:09]} 67. fxg3 {[%clk 0:00:09]} b2 {[%clk 0:00:08]} 1/2-1/2

[Event "Blitz 2018"]
[Site "Saint-Petersburg"]
[Date "2018.12.29"]
[Round "6"]
[Board "57"]
[White "Gareyev Timur (USA)"]
[Black "Bazeev German (RUS)"]
[Result "1/2-1/2"]
[LiveChessVersion "1.4.8"]
[BlackElo "2422"]
[WhiteElo "2577"]

1. d4 {[%clk 0:01:30]} Nf6 {[%clk 0:03:03]} 2. c4 {[%clk 0:01:31]} e6
{[%clk 0:03:04]} 3. Nc3 {[%clk 0:01:32]} Bb4 {[%clk 0:03:06]} 4. Nf3
{[%clk 0:01:32]} O-O {[%clk 0:03:00]} 5. e3 {[%clk 0:01:22]} b6 {[%clk 0:02:59]}
6. Bd3 {[%clk 0:01:19]} Bb7 {[%clk 0:02:59]} 7. Bd2 {[%clk 0:01:18]} Bxc3
{[%clk 0:02:56]} 8. Bxc3 {[%clk 0:01:19]} Ne4 {[%clk 0:02:54]} 9. Bxe4
{[%clk 0:01:19]} Bxe4 {[%clk 0:02:54]} 10. d5 {[%clk 0:01:21]} f6
{[%clk 0:02:48]} 11. Qd4 {[%clk 0:01:19]} Bg6 {[%clk 0:02:47]} 12. Nh4
{[%clk 0:01:17]} e5 {[%clk 0:02:40]} 13. Qg4 {[%clk 0:01:08]} Qe8
{[%clk 0:02:41]} 14. e4 {[%clk 0:00:55]} d6 {[%clk 0:02:37]} 15. Qe2
{[%clk 0:00:44]} Nd7 {[%clk 0:02:36]} 16. g4 {[%clk 0:00:45]} c6 {[%clk 0:02:19]}
17. f3 {[%clk 0:00:41]} Rc8 {[%clk 0:02:15]} 18. O-O {[%clk 0:00:37]} cxd5
{[%clk 0:02:15]} 19. cxd5 Nc5 20. Rac1 {[%clk 0:00:34]} Qa4 {[%clk 0:02:12]} 21.
b3 {[%clk 0:00:35]} Qa6 {[%clk 0:02:14]} 22. Qxa6 {[%clk 0:00:35]} Nxa6
{[%clk 0:02:15]} 23. Bd2 {[%clk 0:00:35]} Rfd8 {[%clk 0:02:13]} 24. Kf2
{[%clk 0:00:35]} Nc5 {[%clk 0:02:08]} 25. Ke3 {[%clk 0:00:36]} a5
{[%clk 0:02:08]} 26. Rc2 {[%clk 0:00:34]} Be8 {[%clk 0:02:07]} 27. Rfc1
{[%clk 0:00:33]} Bd7 {[%clk 0:02:08]} 28. Rc3 {[%clk 0:00:29]} g6
{[%clk 0:02:06]} 29. a3 {[%clk 0:00:29]} a4 {[%clk 0:02:04]} 30. b4
{[%clk 0:00:27]} Nb3 {[%clk 0:02:01]} 31. Rxc8 {[%clk 0:00:28]} Rxc8
{[%clk 0:02:01]} 32. Rxc8+ {[%clk 0:00:22]} Bxc8 {[%clk 0:02:03]} 33. Bc3
{[%clk 0:00:20]} Ba6 {[%clk 0:02:04]} 34. Ng2 {[%clk 0:00:15]} Kf7
{[%clk 0:02:00]} 35. f4 {[%clk 0:00:15]} Nc1 {[%clk 0:01:51]} 36. fxe5
{[%clk 0:00:13]} fxe5 {[%clk 0:01:47]} 37. Bd2 {[%clk 0:00:09]} Nd3
{[%clk 0:01:47]} 38. Ne1 Nb2 39. Bc1 {[%clk 0:00:09]} Nc4+ {[%clk 0:01:49]} 40.
Kf3 {[%clk 0:00:10]} Bb5 {[%clk 0:01:46]} 41. Nc2 {[%clk 0:00:10]} Bd7
{[%clk 0:01:33]} 42. Ne3 {[%clk 0:00:09]} Nxe3 {[%clk 0:01:27]} 1/2-1/2